000 01110nam a22002537a 4500
003 PE SENCICO BE
005 20251020182646.0
008 231109b |||||||| |||| 00| 0 eng d
040 _aPE SENCICO BE
_cPE SENCICO BE
041 _aspa
084 _aI
_aRED
_a2018
_bL95
100 1 _91767
_aLujan Yaranga, Julio
_eautor
245 1 _aImportancia del mantenimiento correctivo en las redes de distribución primaria /
_cJulio Lujan Yaranga
260 _aLima :
_c2018
300 _a82 h. :
_bil. col., tabls. ;
_c30 cm.
502 _aMonografía de Titulación.-- Servicio Nacional de Capacitación para la Industria de la Construcción. Escuela Superior Técnica. Carrera Profesional Técnica en Redes de Agua Potable y Agua Residual, 2018
650 1 0 _9355
_aAbastecimiento de agua
650 2 0 _91763
_aSistema de agua potable y alcantarillado
650 2 0 _91733
_aRedes de distribución de agua
650 2 0 _91668
_aTuberías para agua
710 1 _aServicio Nacional de Capacitación para la Industria de la Construcción.
_bEscuela Superior Técnica
_91065
910 _bhfp
_c´hfp
942 _cMON
999 _c4426
_d4426